Gabriela Mistral y Rómulo Gallegos : maestros de América : amistad y legado a la educación /
Đã lưu trong:
| Tác giả chính: | |
|---|---|
| Định dạng: | eBook |
| Ngôn ngữ: | Tiếng Tây Ban Nha |
| Được phát hành: |
Santiago :
RIL editores,
2024.
|
| Những chủ đề: | |
| Truy cập trực tuyến: | https://elibro.unach.elogim.com/es/lc/unach/titulos/281460 |
| Các nhãn: |
Thêm thẻ
Không có thẻ, Là người đầu tiên thẻ bản ghi này!
|
MARC
| LEADER | 00000nam a2200000 i 4500 | ||
|---|---|---|---|
| 001 | ELB281460 | ||
| 003 | FINmELB | ||
| 005 | 20250625122620.0 | ||
| 006 | m o u | ||
| 007 | cr cn||||||||| | ||
| 008 | 250620s2024 cl ob 000 0 spa d | ||
| 020 | |z 9789560116161 | ||
| 035 | |a (OCoLC)1524927577 | ||
| 040 | |a FINmELB |b spa |e rda |c FINmELB | ||
| 050 | 1 | 4 | |a PQ7081 |b G673 2024 |
| 080 | |a 821.134.2(8) | ||
| 082 | 0 | 4 | |a 860.998 |2 23 |
| 100 | 1 | |a Gorrochotegui Martell, Alfredo, |e autor. | |
| 245 | 1 | 0 | |a Gabriela Mistral y Rómulo Gallegos : |b maestros de América : amistad y legado a la educación / |c Alfredo Gorrochotegui Martell. |
| 264 | 1 | |a Santiago : |b RIL editores, |c 2024. | |
| 300 | |a 1 recurso en línea (150 páginas) | ||
| 336 | |a texto |b txt |2 rdamedia/spa | ||
| 337 | |a computadora |b c |2 rdamedia/spa | ||
| 338 | |a recurso en línea |b cr |2 rdacarrier/spa | ||
| 347 | |a data file |2 rda | ||
| 504 | |a Contiene bibliografía. | ||
| 588 | |a Descripción basada en metadatos suministrados por el editor y otras fuentes. | ||
| 590 | |a Recurso electrónico. Santa Fe, Arg.: elibro, 2024. Disponible vía World Wide Web. El acceso puede estar limitado para las bibliotecas afiliadas a elibro. | ||
| 600 | 1 | 0 | |a Mistral, Gabriela, |d 1889-1957 |x Crítica e interpretación. |
| 600 | 1 | 0 | |a Gallegos, Rómulo, |d 1884-1969 |x Crítica e interpretación. |
| 650 | 4 | |a Literatura latinoamericana |x Historia y crítica. | |
| 655 | 4 | |a Libros electrónicos. | |
| 797 | 2 | |a elibro, Corp. | |
| 856 | 4 | 0 | |u https://elibro.unach.elogim.com/es/lc/unach/titulos/281460 |